La última muerte de Heiki Q. / (Registro nro. 308)
[ vista simple ]
| 000 -LEADER | |
|---|---|
| fixed length control field | 01428nam a22002297a 4500 |
| 003 - CONTROL NUMBER IDENTIFIER | |
| control field | AR-RoUNCS |
| 005 - DATE AND TIME OF LATEST TRANSACTION | |
| control field | 20260224135113.0 |
| 008 - FIXED-LENGTH DATA ELEMENTS--GENERAL INFORMATION | |
| fixed length control field | 240828s2017 ag ||||| |||| 00| 0 spa d |
| 020 ## - INTERNATIONAL STANDARD BOOK NUMBER | |
| International Standard Book Number | 978-987-1935-72-7 |
| 040 ## - CATALOGING SOURCE | |
| Transcribing agency | AR-RoUNCS |
| Original cataloging agency | AR-RoUNCS |
| 080 ## - UNIVERSAL DECIMAL CLASSIFICATION NUMBER | |
| Authority record control number or standard number | 82-32(82) |
| 100 1# - MAIN ENTRY--PERSONAL NAME | |
| Personal name | Dueco, Chavela. |
| Relator term | autor |
| 245 13 - TITLE STATEMENT | |
| Title | La última muerte de Heiki Q. / |
| Statement of responsibility, etc. | Chavela Dueco. |
| 260 ## - PUBLICATION, DISTRIBUTION, ETC. | |
| Place of publication, distribution, etc. | Buenos Aires : |
| Name of publisher, distributor, etc. | La Estacion, |
| Date of publication, distribution, etc. | 2017. |
| 300 ## - PHYSICAL DESCRIPTION | |
| Extent | 120 p. : |
| Other physical details | il. col. ; |
| Dimensions | 20 cm. |
| 490 0# - SERIES STATEMENT | |
| Series statement | La máquina de hacer lectores ; |
| Volume/sequential designation | 581. |
| 520 3# - SUMMARY, ETC. | |
| Summary, etc. | Vincent es un joven un poco solitario y con gustos musicales peculiares. Su amiga Heiki Q. acaba de morir en un accidente del cual se siente culpable. Como es de esperar, le está costando superar su muerte… especialmente, porque ella lo acompaña como un espíritu que solo él puede ver. ¿Ha enloquecido o realmente tiene contacto con el mundo paranormal? En busca de ayuda, aterriza, acompañado del fantasma de Heiki Q., en una granja para personas que han sufrido la pérdida de un ser querido. Allí conoce a personajes atolondrados y raros pero muy queribles como Violeta, con su mochila llena de libros, o Carlín, un anciano viudo que vive aferrado al camisón de su esposa. Entre todos, de manera muy especial, se irán recuperando de a poco. |
| 650 #7 - SUBJECT ADDED ENTRY--TOPICAL TERM | |
| Source of heading or term | embne |
| Topical term or geographic name entry element | Literatura argentina |
| 655 #7 - INDEX TERM--GENRE/FORM | |
| Source of term | embne |
| Genre/form data or focus term | Novelas cortas |
| 655 #7 - INDEX TERM--GENRE/FORM | |
| Source of term | embne |
| Genre/form data or focus term | Novelas juveniles |
| 942 ## - ADDED ENTRY ELEMENTS (KOHA) | |
| Source of classification or shelving scheme | Universal Decimal Classification |
| Koha item type | Obra General |
| Suppress in OPAC | No |
| Withdrawn status | Lost status | Source of classification or shelving scheme | Damaged status | Not for loan | Collection | Home library | Current library | Date acquired | Source of acquisition | Total checkouts | Full call number | Barcode | Date last seen | Price effective from | Koha item type |
|---|---|---|---|---|---|---|---|---|---|---|---|---|---|---|---|
| Universal Decimal Classification | Colección General | Biblioteca Escuela de Ciencias Sociales | Biblioteca Escuela de Ciencias Sociales | 28/08/2024 | Donación 2023 | 82-32(82) D852 | 000174 | 28/08/2024 | 28/08/2024 | Obra General |